ბათუმის შოთა რუსთაველის სახელმწიფო უნივერსიტეტის ბიბლიოთეკა

The Elements of Computing Systems : (ბიბ.ჩანაწერი № 61323)

000 -LEADER
fixed length control field 00796nam a22002057a 4500
005 - DATE AND TIME OF LATEST TRANSACTION
control field 20240214112553.0
008 - FIXED-LENGTH DATA ELEMENTS--GENERAL INFORMATION
fixed length control field 240212s2021 enk||||| |||| 00| 0 eng d
020 ## - INTERNATIONAL STANDARD BOOK NUMBER
International Standard Book Number 9780262539807x
041 ## - LANGUAGE CODE
Language code of text/sound track or separate title eng
080 ## - UNIVERSAL DECIMAL CLASSIFICATION NUMBER
Universal Decimal Classification number 004.16 N-75
100 ## - MAIN ENTRY--PERSONAL NAME
Personal name Nisan, Noam
9 (RLIN) 12762
245 ## - TITLE STATEMENT
Title The Elements of Computing Systems :
Remainder of title Building a Modern Computer from First Principles /
Statement of responsibility, etc. Noam Nisan and Shimon Schocken.
250 ## - EDITION STATEMENT
Edition statement Second edition
264 ## - PRODUCTION, PUBLICATION, DISTRIBUTION, MANUFACTURE, AND COPYRIGHT NOTICE
Place of production, publication, distribution, manufacture London:
Name of producer, publisher, distributor, manufacturer The MIT Press,
Date of production, publication, distribution, manufacture, or copyright notice 2021.
300 ## - PHYSICAL DESCRIPTION
Extent 326 p. :
Other physical details 23 cm.
653 ## - INDEX TERM--UNCONTROLLED
keyword გამოთვლითი სისტემების ელემენტები
653 ## - INDEX TERM--UNCONTROLLED
keyword კომპიუტერული მეცნიერებანი
700 ## - ADDED ENTRY--PERSONAL NAME
Personal name Schocken, Shimon
Relator term ავტორი
9 (RLIN) 12763
942 ## - ADDED ENTRY ELEMENTS (KOHA)
Source of classification or shelving scheme
Koha item type წიგნი
ეგზემპლარები
Withdrawn status Lost status Source of classification or shelving scheme Damaged status Not for loan Permanent Location Current Location Shelving location Date acquired Cost, normal purchase price Full call number Barcode Date last seen Copy number Price effective from Koha item type Public note
          ბათუმის შოთა რუსთაველის სახელმწიფო უნივერსიტეტის მთავარი ბიბლიოთეკა ბათუმის შოთა რუსთაველის სახელმწიფო უნივერსიტეტის მთავარი ბიბლიოთეკა წიგნსაცავი 2024-02-12 181.00 004.16 N-75 67258 2024-02-12 67258 2024-02-12 წიგნი 181 ლ.